Test de matrices progresivas: para la medida de la capacidad intelectual. Escala especial: manual para la aplicación
Salvato in:
| Autore principale: | |
|---|---|
| Natura: | Libro |
| Lingua: | spagnolo |
| Pubblicazione: |
Buenos Aires
Paidós
1954
|
| Serie: | Biblioteca de Psicometría, 3b
|
| Soggetti: | |
| Tags: |
Aggiungi Tag
Nessun Tag, puoi essere il primo ad aggiungerne!!
|
MARC
| LEADER | 00000nam a2200000 a 4500 | ||
|---|---|---|---|
| 001 | UCU1534 | ||
| 003 | CL-VaPUC | ||
| 008 | 960409e19540000AG |||||||||||||||||spa|d | ||
| 082 | 0 | 4 | |a 153.93 |b RAV |2 21 |
| 100 | 0 | |a Raven, J. C |e author |9 357161 | |
| 245 | 1 | 0 | |a Test de matrices progresivas: para la medida de la capacidad intelectual. Escala especial: manual para la aplicación |
| 300 | |a 44 p | ||
| 942 | |c BK | ||
| 945 | |d 19960409 00:00:00 |a paguirre | ||
| 260 | |a Buenos Aires |b Paidós |c 1954 | ||
| 500 | |a Para sujetos de 4 a 11 años | ||
| 650 | 0 | |a Inteligencia |9 267038 | |
| 650 | 0 | |a Cognición |9 270347 | |
| 650 | 7 | |a TESTS DE INTELIGENCIA |2 CL-VaPUC |9 309468 | |
| 650 | 0 | |a Lógica |9 256849 | |
| 650 | 7 | |a COEFICIENTE INTELECTUAL |2 CL-VaPUC |9 310797 | |
| 650 | 0 | |a Psicología del niño |9 307305 | |
| 583 | |a last modification |c 19960409 00:00:00 |k Rodrigo Vera | ||
| 490 | 0 | |a Biblioteca de Psicometría, 3b | |
| 999 | |c 246106 |d 246104 | ||
| 952 | |0 0 |1 0 |4 0 |6 153_930000000000000_RAV_1954 |7 0 |8 R |9 260852 |a BIBEDU |b BIBEDU |c MCIRC |d 2019-11-19 |i 201193K |l 1 |o 153.93 RAV 1954 |p 201193K |r 2023-01-13 |s 2022-03-10 |w 2019-11-19 |y BK_R |k EDU | ||